| 000 | 00411pab a2200157 454500 | ||
|---|---|---|---|
| 008 | 180718b2011 xxu||||| |||| 00| 0 eng d | ||
| 100 | _aDominguez, Casey B.K. | ||
| 245 | _aDoes the party matter? Endorsements in Congressional primaries | ||
| 260 | _c2011 | ||
| 300 | _ap.534-544. | ||
| 362 | _aSep | ||
| 650 | _aPolitical parties | ||
| 773 | _aPolitical Research Quarterly | ||
| 908 | _aN | ||
| 909 | _a93951 | ||
| 999 |
_c93951 _d93951 |
||